|
|
|
|
| LEADER |
00807nab a2200229 i 4500 |
| 001 |
publ2144 |
| 005 |
20180706154729.0 |
| 008 |
130125s2003 hu o 0|| zxx d |
| 022 |
|
|
|a 0022-2860
|
| 024 |
7 |
|
|a 10.1016/S0022-2860(03)00106-6
|2 doi
|
| 024 |
7 |
|
|a 1143728
|2 mtmt
|
| 040 |
|
|
|a SZTE Publicatio Repozitórium
|b hun
|
| 041 |
|
|
|a zxx
|
| 100 |
1 |
|
|a Kiss T. János
|
| 245 |
1 |
0 |
|a Structure-forming properties of 3-furylpropenoic acid derivatives in solution and in the solid state
|h [elektronikus dokumentum] /
|c Kiss T. János
|
| 260 |
|
|
|c 2003
|
| 300 |
|
|
|a 253-258
|
| 490 |
0 |
|
|a JOURNAL OF MOLECULAR STRUCTURE
|v 651-653
|
| 700 |
0 |
1 |
|a Felföldi Károly
|e aut
|
| 700 |
0 |
1 |
|a Paksi Zoltán
|e aut
|
| 700 |
0 |
1 |
|a Pálinkó István
|e aut
|
| 856 |
4 |
0 |
|u http://publicatio.bibl.u-szeged.hu/2144/1/1143728.pdf
|z Dokumentum-elérés
|